00629cam a2200217ua 4500001000400000008003900004020001800043040000900061041000800070082001200078245006800090250000900158260004600167300002000213653002300233653001200256700001700268942000700285999001300292952010600305395141204n ii |||gr||||Z||||||eng a0-7069-2832-6 cMAIN aeng a320.513 aModern political theory. : bCritical survey. / cBy S P Varma. a1st. aNew Delhi.:bVani educational books.,986. ax, 464 p.:5 cm. aPolitical science. aTheory. aVarma, S P., cBK c341d341 00104070aMAINbMAINc2d2020-09-19l0o320.513 | VARp1256r2020-09-19 00:00:00t3w2020-09-19yBK